000 00627nam a22001457a 4500
020 _a978-93-81626-34-4
082 _a823
_bAMI/S
100 _aAMISH TRIPATHI
245 _aTHE SECRET OF THE NAGAS
_bSHIVA TRIOLOGY 2
260 _aCHENNAI
_bWESTLAND PUBLICATIONS
_c2011
300 _a371
520 _aThe story takes place in the imaginary land of Meluha and narrates how the inhabitants of that land are saved from their wars by a nomad named Shiva. It begins from where its predecessor, The Immortals of Meluha, left off, with Shiva trying to save Sati from the invading Naga.
650 _aAMISH TRIPATHI
_zINDIA
942 _cBK
999 _c2550
_d2550